000 00619nam a2200241Ia 4500
003 OSt
005 20220912151321.0
006 a|||||r|||| 00| 0
007 ta
008 220909b |||||||| |||| 00| 0 eng d
024 _a28454
037 _cTextual
040 _aCSL
_beng
_cCSL
041 _aeng
082 _aB9:95jN05, M4
100 _aSullivan W T Ed.
245 0 _aEarly years of radio astronomy
260 _aCambridge
_bCUP
_c1984
300 _aix,421p.
_ccm.
650 _aRadio astronomy
942 _hB9:95jN05, M4
_cTEXL
_2CC
999 _c65869
_d65869